Meilleurs marqueurs de l'histoire des Raptors de Toronto - Statistiques

Statistiques générales
  • Ce quiz a été pris 53 fois
  • Le résultat moyen est 5 sur 10
Statistiques - réponses
Place Nom du joueur Période Pays Points % Correct
1er DeMar DeRozan 2009 - 2018 États-Unis 13 296
91%
5e Pascal Siakam 2016 - 2024 Cameroun 8 772
84%
2e Kyle Lowry 2012 - 2021 États-Unis 10 540
82%
4e Vince Carter 1998 - 2004 États-Unis 9 420
80%
8e Fred VanVleet 2016 - 2023 États-Unis 6 090
51%
3e Chris Bosh 2003 - 2010 États-Unis 10 275
47%
9e Jonas Valančiūnas 2012 - 2019 Lituanie 5 524
40%
10e José Calderón 2005 - 2013 Espagne 5 235
33%
6e Andrea Bargnani 2006 - 2013 Italie 6 581
31%
7e Morris Peterson 2000 - 2007 États-Unis 6 498
9%
Aucun quiz correspondant
Distribution des résultats
% des personnes avec chaque résultat
Percentile par nombre de réponses
Votre historique - résultats
Vous n’avez pas pris ce quiz